000 00266nam a22001217a 4500
008 180730b xxu||||| |||| 00| 0 eng d
082 _a815.32
245 _aChinese link
_cWu, S.M
260 _c2006
300 _a4
_fCD
440 _x9780131546684
942 _2ddc
_cMX
999 _c46680
_d46680